000 00411pab a2200145 454500
008 180718b2004 xxu||||| |||| 00| 0 eng d
100 _aRao, Ch. Appa
245 _aImpact of water users' associations on the equity and efficiency of water use
260 _c2004
300 _ap.68-75.
650 _aIrrigation
700 _aRamachandrudu, G.
773 _aIndian Journal of Regional Science
909 _a63491
999 _c63491
_d63491